| 000 | 00662nam a22002177a 4500 | ||
|---|---|---|---|
| 003 | UA-OsUOA | ||
| 001 | 39525 | ||
| 007 | ta | ||
| 008 | 20060621b un ||||| |||| 00| 0 ukr d | ||
| 100 | _aГолыгина К.И. | ||
| 090 |
_a808.5(510) _bГ62 |
||
| 942 | _cBK | ||
| 040 |
_aUA-OsUOA _cUA-OsUOA _dUA-OsUOA |
||
| 245 | _aТеория изящной словесности в Китае ХІХ-начала ХХ в. | ||
| 300 | _a292 с. | ||
| 955 | _a0 | ||
| 080 | _a808.5(510) | ||
| 260 |
_aМ. _bНаука _c1971 |
||
| 650 | 7 |
_a80 Загальні питання лінгвістики, літератури. Філологія _2UDC |
|
| 999 |
_c325665 _d325665 |
||